| 000 | 00671na a2200253 4500 | ||
|---|---|---|---|
| 001 | 13148 | ||
| 003 | MIRAKIL | ||
| 005 | 20181213154844.0 | ||
| 008 | 161012b tu 000 0 | ||
| 020 | _a9756506164 | ||
| 035 | _a13148 | ||
| 040 |
_aMilas _btur _cTR-AnCHP |
||
| 041 | _atur | ||
| 082 |
_a956.21811 _bT22ü 2003 |
||
| 090 | _a956.21811 T22ü 2003 | ||
| 100 | _aTabanlıoğlu, Mehmet | ||
| 245 |
_aÜç dönem Emet _bUlusal destan _cMehmet,Tabanlıoğlu |
||
| 246 | _aUlusal destan | ||
| 260 |
_aAnkara _bGüldikeni Yayınevi _c2003 |
||
| 300 |
_a367 s. _c23 sm. |
||
| 650 |
_aTarih _zEmet (Kütahya) |
||
| 650 |
_aTarih _xTürkiye |
||
| 942 |
_2ddc _cBKS |
||
| 999 |
_c2073 _d2073 |
||